000 00458cam a22001814a 4500
005 20250605164244.0
008 250528s ||||||||||||||||||||||||d
035 _a21428
040 _aGR-AtMCL
_bgre
_dGR-AtMCL
_eAACR2
245 1 _aΤΟ ΠΡΩΤΟ ΒΙΒΛΙΟ ΤΩΝ PC TOOLS DELUXE
250 _a2
260 _bΜ. Γκιούρδας,
_c1990
300 _a312
700 1 _aMccomb Gordon
_97466
942 _cBK
999 _c6490
_d6490